Detalles MARC
| 000 -CABECERA |
| campo de control de longitud fija |
00852nam a22002417a 4500 |
| 003 - IDENTIFICADOR DEL NÚMERO DE CONTROL |
| campo de control |
BPGM |
| 008 - DATOS DE LONGITUD FIJA--INFORMACIÓN GENERAL |
| campo de control de longitud fija |
260618e1997 mx bco|g |||| 001 0 spa d |
| 020 ## - NÚMERO INTERNACIONAL ESTÁNDAR DEL LIBRO |
| Número Internacional Estándar del Libro |
968-7377-28-3 |
| 040 ## - FUENTE DE LA CATALOGACIÓN |
| Lengua de catalogación |
spa |
| 041 ## - CÓDIGO DE LENGUA |
| Código de lengua del texto/banda sonora o título independiente |
spa |
| Código de lengua original |
spa |
| 082 04 - NÚMERO DE LA CLASIFICACIÓN DECIMAL DEWEY |
| Número de edición |
900 |
| Número de clasificación |
031 |
| 100 ## - ENTRADA PRINCIPAL--NOMBRE DE PERSONA |
| Nombre de persona |
BERRONES MONTES, ROBERTO |
| Término indicativo de función/relación |
AUTOR |
| 245 ## - MENCIÓN DE TÍTULO |
| Título |
MUNICIPIO DE JALPAN DE SERRA |
| 250 ## - MENCIÓN DE EDICIÓN |
| Mención de edición |
PRIMERA EDICION |
| Resto de la mención de edición |
1997 |
| 260 ## - PUBLICACIÓN, DISTRIBUCIÓN, ETC. |
| Lugar de publicación, distribución, etc. |
MEXICO |
| Nombre del editor, distribuidor, etc. |
GOBIERNO DE ESTADO DE QUERETARO |
| Fecha de publicación, distribución, etc. |
1997 |
| 300 ## - DESCRIPCIÓN FÍSICA |
| Extensión |
111 paginas |
| Dimensiones |
21 cm x 13.8 cm |
| 336 ## - TIPO DE CONTENIDO |
| Fuente |
rdacontent |
| Término de tipo de contenido |
texto |
| Código de tipo de contenido |
txt |
| 337 ## - TIPO DE MEDIO |
| Fuente |
rdamedia |
| Nombre/término del tipo de medio |
sin mediación |
| Código del tipo de medio |
n |
| 338 ## - TIPO DE SOPORTE |
| Fuente |
rdacarrier |
| Nombre/término del tipo de soporte |
volumen |
| Código del tipo de soporte |
nc |
| 505 ## - NOTA DE CONTENIDO CON FORMATO |
| Nota de contenido con formato |
Es una monografía que ofrece un recorrido histórico, cultural y social por este municipio de la Sierra Gorda, destacando su papel como centro regional y su riqueza patrimonial. |
| 650 ## - PUNTO DE ACCESO ADICIONAL DE MATERIA--TÉRMINO DE MATERIA |
| Fuente del encabezamiento o término |
GEOGRAFÍA E HISTORIA |
| 942 ## - ELEMENTOS DE PUNTO DE ACCESO ADICIONAL (KOHA) |
| Fuente del sistema de clasificación o colocación |
Dewey Decimal Classification |
| Tipo de ítem Koha |
Colección Querétaro |